=LDR 00000nam 2200000 4500 =001 INLIS000000000019929 =005 20130612114934 =008 ***********************************Ind** =035 ##$$0010-061300000019929 =041 ##$$a Ind =082 ##$$a 371.26 =090 ##$$a 371.26, Mar i =100 ##$$a Maryani, Yani =245 ##$$a Intisari bahasa Indonesia untuk SD kelas 4, 5 dan 6, oleh Dra. Yani Maryani dan Sunarti, S.Pd =260 ##$$a 2005 $b Bandung =300 ##$$a 272 hlm, ilus, 26 cm =650 ##$$a Pendidikan Ujian dan Latihan =850 ##$$a NBPNMAT